00989nam a2200253 i 450000100060000000300090000600500170001500700030003200800410003502000180007608000370009408000310013124501140016226000780027630000350035460000530038965500480044271000390049071000370052985200220056694200080058899900170059695201220061318709ES-MaACL20250818232004.0t|020305s2001 sp a |||| |dspa d a84-7925-183-2 a821.134.2 Alas, Leopoldo (064.3) a929 Alas, Leopoldo (064.3)00aClarín y su tiempo b: exposición conmemorativa del centenario de la muerte de Leopoldo Alas (1901-2001). aOviedo : bCajastur ; a[Madrid] : bFundación Ramón Areces, c[2001] a395 p. : bil. col. ; c28 cm.14aAlas, Leopoldo,d1852-1901-vExposiciones919158 72tgfbne9193628aCatálogos de exposiciones2 aCaja de Ahorros de Asturias.922832 aFundación Ramón Areces94401 aES-MaACLjL-25284 2udc c18709d18709 00104070aATENEOMbATENEOMcDEPO2d2008-01-17eSCl0oL-25284p1019146r2023-02-23 00:00:00w2023-02-23yMONOGRAFIA